| 000 | 01951nam a2200361Ia 4500 | ||
|---|---|---|---|
| 001 | ebr10135538 | ||
| 003 | CaPaEBR | ||
| 006 | m u | ||
| 007 | cr cn||||||||| | ||
| 008 | 041001s2005 nyu sb 001 0deng d | ||
| 010 | _z 2004059356 | ||
| 020 | _z1403980942 | ||
| 020 | _z1403967873 (alk. paper) | ||
| 040 |
_aCaPaEBR _cCaPaEBR |
||
| 035 | _a(OCoLC)560536352 | ||
| 050 | 1 | 4 |
_aPS366.A35 _bA44 2005eb |
| 082 | 0 | 4 |
_a810.9/492009296073 _222 |
| 100 | 1 | _aAlabi, Adetayo. | |
| 245 | 1 | 0 |
_aTelling our stories _h[electronic resource] : _bcontinuities and divergences in Black autobiographies / _cby Adetayo Alabi. |
| 260 |
_aNew York : _bPalgrave Macmillan, _c2005. |
||
| 300 | _ax, 185 p. | ||
| 504 | _aIncludes bibliographical references (p. ) and index. | ||
| 505 | 0 | _a1. Introduction : the autobiographical genre in black societies -- 2. Theorizing race, theorizing blackness -- 3. Postcolonial theory and black literatures -- 4. Caliban, is that you? : slave narratives and the politics of resistance -- 5. Different, yet related : black creative autobiographers in dialogue -- 6. Communal resistance and subjectivity : black activists in racialized societies -- 7. Writing another life : the constructedness of the autobiographical genre. | |
| 533 |
_aElectronic reproduction. _bPalo Alto, Calif. : _cebrary, _d2009. _nAvailable via World Wide Web. _nAccess may be limited to ebrary affiliated libraries. |
||
| 650 | 0 |
_aAmerican prose literature _xAfrican American authors _xHistory and criticism. |
|
| 650 | 0 |
_aAfrican Americans _vBiography _xHistory and criticism. |
|
| 650 | 0 |
_aAutobiography _xAfrican American authors. |
|
| 650 | 0 |
_aAfrican Americans _xIntellectual life. |
|
| 650 | 0 | _aAfrican Americans in literature. | |
| 655 | 7 |
_aElectronic books. _2local |
|
| 710 | 2 | _aebrary, Inc. | |
| 856 | 4 | 0 |
_uhttp://site.ebrary.com/lib/rucke/Doc?id=10135538 _zAn electronic book accessible through the World Wide Web; click to view |
| 999 |
_c85544 _d85544 |
||